17. dönem TBMM albümü (Record no. 5976)

MARC details
000 -BAŞLIK
Sabit Uzunlukta Kontrol Alanı 00629na a2200217 4500
001 - KONTROL NUMARASI
Denetim Alanı 19059
003 - KONTROL NUMARASI IDENTIFIER
Denetim Alanı MIRAKIL
005 - SON İŞLEM TARİHİ VE ZAMANI
Denetim Alanı 20181213155052.0
008 - SABİT-BOY VERİ ELEMANLARI - GENEL BİLGİLER
Sabit Uzunlukta Kontrol Alanı 170222b tu 000 0
040 ## - KATALOGLAMA KAYNAK
Orijinal Kataloglama Ajansı Milas
Kataloglama Dili tur
Metne Dönüştürmek Ajansı TR-AnCHP
041 ## - DİL KODU
Metin / Ses Parça Veya Ayrı Başlığın Dil Kodu tur
082 ## - DEWEY ONLU SINIFLANDIRMA NUMARASI
Sınıflandırma Numarası 328.561
Ürün Numarası T15o 1987
090 ## - SINIFLAMA NUMARASI
Sınıflama Numarası 328.561 T15o 1987
110 ## - ANA GİRİŞ - KURUMSAL ADI
Giriş Elemanı Olarak Kurumsal Ad Veya Yargı Alanı Adı Türkiye Büyük Millet Meclisi (TBMM)
245 ## - BAŞLIK TABLOSU
Başlık 17. dönem TBMM albümü
Sorumluluk Tablosu, Vb Türkiye Büyük Millet Meclisi (TBMM)
250 ## - EDITION TABLOSU
Baskı Beyanı 3. bs.
260 ## - YAYIN, DAĞITIM, VB
Yayın, Dağıtım, Vb Yeri Ankara
Yayıncı, Dağıtıcı, Vs Adı Türkiye Büyük Millet Meclisi (TBMM)
Yayın, Dağıtım, Vb Tarihi 1987
300 ## - FİZİKSEL TANIM
Kapsam 150 s.
Diğer Fiziksel Ayrıntıları fotg.
Boyutlar 20 sm.
610 ## - KONU KATMA GİRİŞ - TOPLANTI ADI
Giriş Elemanı Olarak Kurumsal Ad Veya Yargı Alanı Adı TBMM
Genel Alt Bölüm Albümler
Kronolojik Alt Bölüm 1987
942 ## - EKLENDİ GİRİŞ ELEMANLARI (KOHA)
Sınıflandırma Veya Raf Düzeni Kaynak Dewey Decimal Classification
Koha Öğesi Türü Books
999 ## - SİSTEM KONTROL NUMARALARI (KOHA)
Koha Biblionumber 5976
Koha Biblioitemnumber 5976
Holdings
Kalıcı Konum Mevcut Konum Edinme Tarihi Edinim Kaynak Toplam Check-Out'Lar Tam Çağrı Numarası Barkod Tarih Son Görülme İtibaren Geçerli Fiyatlar Koha Öğesi Türü
CHP Kütüphanesi CHP Kütüphanesi 12/07/2016 Bağış   328.561 T15o 1987 010199 12/07/2016 12/07/2016 Books